00903naa#a2200181#i#4500001001600000005001700016011001400033100004100047102000700088200020500095210010500300215001100405608004500416675014100461700005200602700005200654856001500706RU\\bibl\10006720260704135715.6##a2542-1840##a20260630b2026####ek#y0rusy0150####ca##aRU1#aОсобенности совладающего поведения и жизнестойкости у мужчин и женщин, переживших разводeЖурнальная статья1#aКемеровоcКемеровский государственный университетd2026##a15 с.##aЖурнальная статья2local##aПсихологические исследования, опыты, эксперименты, тесты, измерения. 159.9.072#1aПузырёваgЛюбава Олеговна#1aМиткевичgИлона Андреевна4#ajsocnet.ru